Представление документа в формате MARC21

Поле Инд. ПП Название Значение
Тип записи m
Библиографический уровень m
001 Контрольный номер RU/LIBMSTU/288890414
005 Дата корректировки 20230202091940.3
008 Кодируемые данные 090720|||||||||ru||||||||||||||||||rus||
040 b Код языка каталог. rus
084 a Индекс другой классификации/Индекс ББК 81.2Англ+65.261
245 10 a Заглавие Financial terms in use
b Продолж. заглавия метод. указания для студентов ст. курсов экон. специальностей
c Ответственность Гос. ком. Рос. Федерации по рыболовству, Мурман. гос. техн. ун-т, Каф. делового иностр. яз. ; сост. Н. М. Пушная, Е. В. Крицкая
h Физич. носитель Электронный ресурс
256 a Характеристики компьютерного файла Электрон. текстовые дан. (1 файл : 420 Кб)
260 a Место издания Мурманск
b Издательство Изд-во МГТУ
c Дата издания 2003
500 a Примечание Доступ из локальной сети Мурман. гос. техн. ун-та
500 10 a Примечание Загл. с экрана
583 x Служебное примечание Полнотекстовые документы
x Служебное примечание Труды преподавателей МГТУ
z Открытое примечание Для студентов экономических специальностей
653 0_ a Ключевые слова Английский язык
a Ключевые слова Английский язык для экономических специальностей
a Ключевые слова Методические указания
a Ключевые слова Труды преподавателей МГТУ
a Ключевые слова Электронные версии
856 40 u URL https://elib.mauniver.ru/2003/M_03_54.pdf
901 t Тип документа m
952 c Вид литературы учебно-методическое издание